000 00718nam a22001337a 4500
040 _cRUA
082 _aLMA CHE 2024 B1-398 Or.1
100 _aជា​ ម៉ារី CHEA MARY
245 _aការសិក្សាអំពីការស្នើសុំលិសិតអនុញ្ញាតសាងសង់លំនៅឋាននៅសង្កាត់ទៀន ខណ្ឌដង្កោ រាជធានីភ្នំពេញ STUDY ON APPLYING FOR A HOUSE CONSTRUCTION PERMIT IN SANGKAT TEAN, KHAN DANGKOR, PHNOMPENH
260 _aRUA
_bPHNOM PENH
_c2024
300 _aix
_bill
_c29cm
856 _uhttps://drive.google.com/file/d/1xTDMB7KJQdtJR_ANK9yAIRh3E1SY9nw4/view?usp=sharing
942 _cLMA
999 _c24898
_d24898